000 00930nam2a22002531 4500
001 RU\NLR\INFOCOMM16\ROSSICA\1000486621
005 20250613193245.0
035 _a(NLR Aleph) 009968956
090 _a9637818
_c9637818
100 _a20031121d1888 |||y0rusy50 ca
101 0 _ager
102 _aRU
105 _ay ||||000ay
200 0 _a1888
_fFuhrmann, G.
210 _d1888
_aБ. м.
461 0 _1001RU\NLR\INFOCOMM16\ROSSICA\1000486617
_12001#$aKüster der deutsch-reformirten Gemeinde$eGott segne unsrer lieben Gemeinde den Ausgang und Eingang in's neue Jahr$v1888
_99637800
_cSt.Petersburg
_d1868-1891
_oGott segne unsrer lieben Gemeinde den Ausgang und Eingang in's neue Jahr
_tKüster der deutsch-reformirten Gemeinde
_v1888
700 1 _aFuhrmann
_bG.
_4070
801 1 _aRU
_bInfoComm
_c20031121
801 0 _aRU
_bNLR
_gPSBO
852 _aNLR
_bCr
_j8°824
942 _cBOOK
980 _aNB
980 _aRossica